| 000 | 01129cam a2200205 i 4500 | ||
|---|---|---|---|
| 999 |
_c10456 _d10456 |
||
| 003 | OSt | ||
| 005 | 20220412180702.0 | ||
| 008 | 190328s2020 enka b 001 0 eng | ||
| 020 | _a9780815382607 (hb : alk. paper) | ||
| 042 | _apcc | ||
| 082 | 0 | 0 |
_a720.1/03 _223 |
| 245 | 0 | 0 |
_aNon-standard architectural productions : _bbetween aesthetic experience and social action / _cedited by Sandra Karina Löschke. |
| 300 |
_axv, 262 pages : _billustrations ; _c24 cm |
||
| 504 | _aIncludes bibliographical references and index. | ||
| 505 | 2 | _aArchitecture is not about buildings : perspectives on people-centered approaches in architecture / Sandra Karina Löschke -- Architectural aesthetics : from tent to tectonic and back again / Gernot Böhme -- Atmospheric thresholds and the production of cross-cultural spaces / Anna-Christina Engels-Schwarzpaul -- Home-work displacements / Jane Rendell -- 'They don't listen' : the urban professions, education, and the urban poor / Anna Rubbo. | |
| 650 | 0 |
_aArchitecture _xHuman factors. |
|
| 650 | 0 | _aArchitecture and society. | |
| 700 | 1 |
_aLöschke, Sandra Karina, _eeditor. |
|
| 942 | _2ddc | ||